000 03318 a2200313 4500
003 OSt
005 20180116192359.0
008 120618t xxu||||| |||| 00| 0 eng d
010 _a 2010282803
020 _a9780714841465
020 _a0714841463
035 _a(OCoLC)ocn127137749
040 _c0
082 0 4 _a624.17
100 1 _aAddis, William,
_94771
245 1 0 _aBuilding :
_b3000 years of design engineering and construction /
_cBill Addis.
246 3 0 _a3000 years of design engineering and construction
246 3 0 _aThree thousand years of design engineering and construction
260 _aLondon ;
_aNew York, NY :
_bPhaidon Press,
_c2007.
300 _a640 p. :
_bill. (some col.) ;
_c26 cm.
490 0 _aBuilding history series
505 0 _aIntroduction -- Building and engineering in ancient times : 1000 B.C.-A.D. 500 -- The medieval era : 500-1400 -- The Renaissance : 1400-1630 -- Global trading and the age of reason and enlightenment : 1630-1750 -- Engineering becomes a profession : 1750-1800 -- The harmony of theory and practice : 1800-1860 -- The birth of the modern building : 1860-1920 -- Architectural engineering : 1920-1960 -- The computer age and the greening of construction : 1960-present -- Afterword -- Glossary -- Appendix 1. "Aims and means" / by Ove Arup -- Appendix 2. Iron and its alloys -- Appendix 3. Concrete and reinforced concrete.
520 1 _a"Building: 3000 Years of Design, Engineering, and Construction traces the history of modern building engineering in the Western world from ancient times to the present, bringing to life the key people, buildings, and concepts that have influenced engineering and architecture over the millennia. This comprehensive and heavily illustrated volume documents the classic texts, instruments, materials, and theories that have propelled modern engineering, and the famous and not-so-famous buildings that have resulted through the ages, from the Parthenon to Chartres Cathedral and the dome of St. Peter's, from eighteenth-century silk and cotton mills in England to the Crystal Palace, and from the first Chicago high-rises to the Sydney Opera House and the "green" skyscrapers of today." "Organized chronologically in nine chapters, Building focuses on the specific innovations and geographic centers of activity that defined each period in engineering history. Each chapter concentrates on the famous characters and unsung heroes of engineering history." "Accompanying the narrative text are more than 750 color and black-and-white photographs, archival plans and drawings, and original technical diagrams, many from rare and specialized sources around the world. Sidebars highlight key developments, including the slide rule, the evolution of the structural frame, and the glass facade; major texts such as De Architecture by Vitruvius, and brief histories of key concepts such as calculus. Also included in the book are extensive reference materials: timelines, appendices, a glossary, notes, bibliography, and a guide to further reading."--BOOK JACKET.
650 1 0 _aStructural engineering
_xHistory.
_94772
650 1 0 _aStructural design
_xHistory.
_94773
650 1 0 _aArchitecture
_xHistory.
_94774
942 _aSADA
_cBK
_k624.17 ADD 2007
_2ddc
999 _c353225
_d353225